Current issues of halal policy and cluster integration of selected halal industry parks in Malaysia / (Record no. 22821)
[ view plain ]
| 000 -LEADER | |
|---|---|
| fixed length control field | 00958nam a2200265#a 4500 |
| 001 - CONTROL NUMBER | |
| control field | 01255 |
| 003 - CONTROL NUMBER IDENTIFIER | |
| control field | HDC |
| 007 - PHYSICAL DESCRIPTION FIXED FIELD--GENERAL INFORMATION | |
| fixed length control field | ta |
| 008 - FIXED-LENGTH DATA ELEMENTS--GENERAL INFORMATION | |
| fixed length control field | 230623s2010 xx 000 0 eng d |
| 040 ## - CATALOGING SOURCE | |
| Original cataloging agency | HDC |
| 050 ## - LIBRARY OF CONGRESS CALL NUMBER | |
| Classification number | HD 58 |
| Item number | .B45 2010 |
| 110 ## - MAIN ENTRY--CORPORATE NAME | |
| Corporate name or jurisdiction name as entry element | Bela Enterprise |
| 245 #0 - TITLE STATEMENT | |
| Title | Current issues of halal policy and cluster integration of selected halal industry parks in Malaysia / |
| Statement of responsibility, etc. | prepared by Research & Consulting Division, Bela Enterprise (Malaysia); finalized & vetted by: Irfan Sungkar |
| 264 ## - PRODUCTION, PUBLICATION, DISTRIBUTION, MANUFACTURE, AND COPYRIGHT NOTICE | |
| Place of production, publication, distribution, manufacture | Kuala Lumpur : |
| Name of producer, publisher, distributor, manufacturer | Bela Enterprise, |
| Date of production, publication, distribution, manufacture, or copyright notice | 2010. |
| 300 ## - PHYSICAL DESCRIPTION | |
| Extent | 67p. ; |
| Other physical details | ill. ; |
| Dimensions | 28cm |
| 650 ## - SUBJECT ADDED ENTRY--TOPICAL TERM | |
| Topical term or geographic name entry element | Business relocation |
| Form subdivision | Handbooks, manuals, etc. |
| 650 ## - SUBJECT ADDED ENTRY--TOPICAL TERM | |
| Topical term or geographic name entry element | Industrial location |
| Form subdivision | Handbooks, manuals, etc. |
| 650 ## - SUBJECT ADDED ENTRY--TOPICAL TERM | |
| Topical term or geographic name entry element | Industrial sites |
| Form subdivision | Handbooks, manuals, etc. |
| 650 ## - SUBJECT ADDED ENTRY--TOPICAL TERM | |
| Topical term or geographic name entry element | International business enterprises |
| General subdivision | Location |
| Form subdivision | Handbooks, manuals, etc. |
| 700 ## - ADDED ENTRY--PERSONAL NAME | |
| Personal name | Irfan Sungkar |
| 942 ## - ADDED ENTRY ELEMENTS (KOHA) | |
| Source of classification or shelving scheme | Library of Congress Classification |
| 942 ## - ADDED ENTRY ELEMENTS (KOHA) | |
| Koha item type | Book |
| 942 ## - ADDED ENTRY ELEMENTS (KOHA) | |
| Call number prefix | HD 58 |
| 942 ## - ADDED ENTRY ELEMENTS (KOHA) | |
| Call number suffix | .B45 2010 |
| Withdrawn status | Lost status | Source of classification or shelving scheme | Damaged status | Not for loan | Collection | Home library | Current library | Shelving location | Date acquired | Total checkouts | Full call number | Barcode | Date last seen | Price effective from | Koha item type |
|---|---|---|---|---|---|---|---|---|---|---|---|---|---|---|---|
| Library of Congress Classification | Non-fiction | Halal Development Corporation Library | Halal Development Corporation Library | Open Shelves | 17/11/2020 | HD 58 .B45 2010 | HDC0000713 | 24/05/2023 | 24/05/2023 | Book |
